English Premier League A-Z - Statistics

General Stats
  • This quiz has been taken 75 times
  • The average score is 18 of 26
Answer Stats
Clue Answer % Correct
W Club that shares its name with a tennis tournament Wimbledon
97%
Q Club based in London Queens Park Rangers
95%
K Title winning captain of Manchester City Vincent Kompany
92%
S All-time leading EPL goal scorer Alan Shearer
90%
A Prince William's favorite club Aston Villa
89%
D Club with the lowest point tally in any EPL season Derby County
89%
X Arsenal midfielder stripped of his captaincy Granit Xhaka
89%
O Affectionately called "The Theater of Dreams" Old Trafford
89%
G He slipped against Chelsea Steven Gerrard
89%
R Title winning manager of Leicester City Claudio Ranieri
84%
N Victims of an EPL record 5 relegations Norwich City
84%
M Sir Alex Ferguson's successor David Moyes
80%
H Location of Arsenal's former ground Highbury
77%
Y Middlesbrough play in this county North {Yorkshire}
75%
E Leeds United play here Elland Road
74%
Z Ajax winger that moved to Chelsea in 2020 Hakim Ziyech
72%
C Animated former Chelsea manager Antonio Conte
67%
U Name used for West Ham's old ground Upton Park
67%
I He was bit by Luis Suarez Branislav Ivanovic
56%
T Huddersfield Town nickname Terriers
54%
J Longtime captain of Everton Phil Jagielka
51%
P Newcastle manager that headbutted an opposing player Alan Pardew
39%
L Everton's all-time leading scorer Romelu Lukaku
39%
V Bradford City play here Valley Parade
36%
F One of three players tied for the most red cards all-time Duncan Ferguson
16%
B Only player to score a goal for seven different clubs Craig Bellamy
15%
No matching quizzes found
Score Distribution
Percent of People with Each Score
Percentile by Number Answered
Your Score History
You have not taken this quiz